| 000 | 00637nam a2200205 i 4500 | ||
|---|---|---|---|
| 001 | 184492 | ||
| 003 | ES-MaACL | ||
| 005 | 20250827091053.0 | ||
| 008 | 150911s2013 sp |||| | spa d | ||
| 080 | _a347.124 | ||
| 100 | 1 |
_aLluís y Navas, Jaime. _972976 |
|
| 245 | 1 | 3 |
_aEl abuso de derecho según la doctrina y la jurisprudencia / _cJaime Lluís y Navas. |
| 260 |
_aBarcelona : _b[J.Lluís y Navas], _c2013. |
||
| 300 |
_a37 p. ; _c21 cm. |
||
| 504 | _aBibliografía: p. 34-37. | ||
| 650 | 4 |
_aAbuso del derecho. _9157444 |
|
| 650 | 7 |
_aFraude de ley _2embne _9157443 |
|
| 852 |
_aES-MaACL _j2332-F-32 |
||
| 999 |
_c184492 _d184492 |
||